| 000 | 00361 a2200157 4500 | ||
|---|---|---|---|
| 001 | 183120 | ||
| 020 | _a978-85-63066-02-2 | ||
| 040 | _cMagnum | ||
| 100 | _aBronte, Emily | ||
| 240 | 1 | 0 |
_aO morro dos ventos uivantes _lpor |
| 245 | 1 | 0 | _aO morro dos ventos uivantes |
| 300 | _a292 | ||
| 362 | 0 | _a2009 | |
| 697 | _aLITERATURA GERAL ESTRANGEIRA | ||
| 942 | _cBK | ||
| 999 |
_c183120 _d183120 |
||